00907nam a2200133 i 4500001000700000003000900007005001700016008004100033245038400074260005900458300002100517650004900538852018600587163151ES-MaACL20230906212702.0181003s1878 sp | |||||||| ||spa d00aDictamen y bases para el establecimiento de una colonia penitenciariab: formulados por la Comisión nombrada al efecto por la Excelentísima Diputación Provincial de Barcelona, con las modificaciones introducidas por esta Corporación al discutirlos y aprobarlos : presentados al Congreso Penitenciario Internacional de Estocolmo, por el delegado de la Excma. Diputación. aBarcelona : b[s.n.], c1878 (fImp. de la Renaixensa) a38 p. ; c23 cm. 4aEstablecimientos penitenciarios-zBarcelona. aES-MaACLjD-134(11) z- Enc. hol. z.- Donativo Lastres q- Ejemp. sin port. z- Enc. en un vol. facticio, formando parte de la col. facticia "Estudios penitenciarios", folletos, 1